01660nam a2200325 a 4500001001000000003000400010005001700014008004100031020001800072040002500090049000900115082002500124100004600149245005400195260007200249300002100321490005500342504005600397600004400453651006000497830006200557910003800619942001400657952013400671952013400805952013400939952011901073952012501192999001701317000042098OSt20240410073848.0081030s2013 dr 001 0 spa d z9789945462616 aDO-SdBNPbspacBNPHU aBNPD 4a923.27293bD812G2221 aGarcía Lluveres, Alcides,d1912-96909313aDuarte y su época /cAlcides García Lluveres. aSanto Domingo :bComisión Nacional de Efemérides Patria,c2013. a520 p. ;c24 cm.1 aBicentenario del natalicio de Juan Pablo Duartev2 aIncluye bibliografía y notas al pie de páginas.10aDuarte, Juan Pablo, d1813-187691494 0aRepública Dominicana --xHistoria --y1844-193091009 0aBicentenario del natalicio de Juan Pablo Duarten2969094 aValidado. Control de calidad EMS. 2ddccLBS1 001054708DSaGRbGRcHDd2013-11-14iLF1l0o923.27293 D812Gp42098-30r2020-06-25te. 3w2020-06-25yLFDSZPréstamo en sala 001054708DSaGRbGRcHDd2014-04-01iLF1l0o923.27293 D812Gp42098-40r2020-06-25te. 4w2020-06-25yLFDSZPréstamo en sala 001054708DSaGRbGRcHDd2014-04-01iLF1l0o923.27293 D812Gp42098-50r2020-06-25te. 5w2020-06-25yLFDSZPréstamo en sala 0010718PDaPDbPDcHDd2013-11-14iLF1l0o923.27293 D812Gp42098-10r2020-06-25w2020-06-25yLFPDZNo se presta 0010718PDaPDbPDcHDd2013-11-14iLF1l0o923.27293 D812Gp42098-20r2020-06-25te. 2w2020-06-25yLFPDZNo se presta c41587d41587